000 00402nam a22001697a 4500
003 MPLRDC
005 20220104114318.0
008 210129b ||||| |||| 00| 0 eng d
082 _a782.22 CSH
100 _a陈淑慧 编
245 _a楚楚佳人
_c
260 _a
_b将门文物出版社
_c1986
300 _b
490 _a真善美书系
650 _a中国传记
942 _cBK
_o782.22 CSH
999 _c6504
_d6494